| 000 | 00491 a2200145 4500 | ||
|---|---|---|---|
| 003 | Nust | ||
| 005 | 20170207154014.0 | ||
| 040 | _cNust | ||
| 100 | _aNora Syikin | ||
| 245 |
_a Corel Draw 10 Step-by-step Learning (E-Book) _cNora Syikin |
||
| 260 |
_bInner Esteem. _c2001 |
||
| 300 | _a97.p | ||
| 505 | _aUsing Corel Draw File (Page-4) Working Corel Draw Pages (Page-13) Working With Various Shapes (Page-31) Working With Objects (Page-48) Working With Special Effects (Page-70) | ||
| 651 | _aE-Book | ||
| 942 |
_2ddc _cBK |
||
| 999 |
_c191363 _d191363 |
||